Parvanāh va shabnam, (Record no. 50068)

MARC details
000 -LEADER
fixed length control field 00674cam a22002051 4500
001 - CONTROL NUMBER
control field ne 68000497
003 - CONTROL NUMBER IDENTIFIER
control field DLC
005 - DATE AND TIME OF LATEST TRANSACTION
control field 20260227111838.0
008 - FIXED-LENGTH DATA ELEMENTS--GENERAL INFORMATION
fixed length control field 960912s1957 ir 000 0 perr
010 ## - LIBRARY OF CONGRESS CONTROL NUMBER
LC control number ne 68000497
035 ## - SYSTEM CONTROL NUMBER
System control number (OCoLC)35527958
040 ## - CATALOGING SOURCE
Original cataloging agency DLC
Transcribing agency CLU
Modifying agency CLU
-- DLC
042 ## - AUTHENTICATION CODE
Authentication code premarc
050 00 - LIBRARY OF CONGRESS CALL NUMBER
Classification number PK6561.H27
Item number P3
100 1# - MAIN ENTRY--PERSONAL NAME
Personal name Ḥālat, Abū al-Qāsim.
245 10 - TITLE STATEMENT
Title Parvanāh va shabnam,
Remainder of title va panjāh qasīdah digar
Statement of responsibility, etc. az Ās̲ar Abū al-Qāsim Ḥalit.
260 ## - PUBLICATION, DISTRIBUTION, ETC.
Place of publication, distribution, etc. [Tihrān]
Name of publisher, distributor, etc. Kitābfurūshī Zuvār,
Date of publication, distribution, etc. 1336 [1957]
300 ## - PHYSICAL DESCRIPTION
Extent 117 p.
Dimensions 25 cm.
500 ## - GENERAL NOTE
General note ʻIddahāyī az īn Qaṣāʼid ... dar nāmah ... āʼīn Islām bi-chāp-i rasīdah ast.

No items available.

Powered by Koha